| 000 | 00354nam a22001577a 4500 | ||
|---|---|---|---|
| 003 | SGT | ||
| 020 | _a978935062989 | ||
| 082 | _a621.367,GON | ||
| 100 | _aGONZALEZ RAFAEL C. | ||
| 245 | _aDIGITAL IMAGE PROCESSING | ||
| 250 | _a4TH | ||
| 260 |
_aNOIDA (U.P) _bPEARSON _c2018 |
||
| 300 | _a1017 | ||
| 650 | _aELECTRICAL ENGINEERING | ||
| 942 |
_2ddc _cBK |
||
| 999 |
_c18311 _d18311 |
||